Statistics for Fast Typing- ALABAMA

Click here to take the quiz!

General Stats

  • This quiz has been taken 102 times
  • The average score is 42 of 49

Answer Stats

% Correct
A
100%
A
98%
A
98%
A
98%
A
98%
B
98%
L
98%
M
98%
A
95%
A
95%
A
95%
A
95%
A
95%
B
95%
L
95%
L
95%
M
95%
A
94%
A
94%
A
94%
A
94%
B
94%
L
94%
M
94%
A
92%
A
92%
B
92%
M
92%
A
87%
A
86%
L
86%
A
84%
B
84%
M
84%
A
83%
A
79%
L
78%
A
75%
B
71%
A
70%
A
67%
M
67%
A
63%
L
62%
A
60%
B
60%
A
59%
A
59%
M
59%

Score Distribution

Percentile by Number Answered

Percent of People with Each Score

Your Score History

You have not taken this quiz